| 000 | 00954nam a22002657a 4500 | ||
|---|---|---|---|
| 003 | EG-ScBUE | ||
| 005 | 20220322095724.0 | ||
| 008 | 200219t2021 xx f 000 0 eng d | ||
| 020 | _a9798722493279 | ||
| 040 |
_aEG-ScBUE _beng _erda _cEG-ScBUE _dEG-ScBUE |
||
| 082 | 0 | 4 |
_222 _a512.7 _bABD |
| 100 | 1 |
_aAbdenim, Abdelaziz, _eauthor. |
|
| 245 | 1 | 4 |
_aThe formulas of nonprimes revealing all the prime numbers : _bthree practical, remarkable and unheard of techniques that have resulted from this study / _cprofessor of mathematics, Abdelaziz Abdenim. |
| 264 | 1 |
_a[Publication place not identified] : _bAbdelaziz Abdenim, _c[2021] |
|
| 264 | 4 | _cc2021 | |
| 300 |
_a164 pages ; _c30 cm |
||
| 336 |
_2rdacontent _atext _btxt |
||
| 337 |
_2rdamedia _aunmediated _bn |
||
| 338 |
_2rdacarrier _avolume _bnc |
||
| 650 | 7 |
_aNumber theory. _2BUEsh |
|
| 650 | 7 |
_aMathematics. _2BUEsh |
|
| 653 |
_bGGEN _cMarch2022 |
||
| 655 |
_vReading book _934232 |
||
| 942 |
_2ddc _cBB |
||
| 999 |
_c29867 _d29838 |
||